Statistics for Worst College Majors

Click here to take the quiz!

General Stats

  • This quiz has been taken 774 times
  • The average score is 4 of 10

Answer Stats

UnemployedEarningsAnswer% Correct
12.6%$30,000Fine Arts
74%
9.2%$32,000English Language and Literature
74%
10.2%$32,000History
63%
10.8%$30,000Philosophy and Religious Studies
50%
9.2%$30,000Music
42%
10.5%$28,000Anthropology and Archeology
28%
12.9%$30,000Film, Video, and Photographic Arts
22%
9.2%$30,000Liberal Arts
20%
11.8%$32,000Commercial Art and Graphic Design
12%
8.3%$30,000Physical Fitness and Parks Recreation
6%

Score Distribution

Percentile by Number Answered

Percent of People with Each Score

Your Score History

You have not taken this quiz